Online
Catalog

Taller de lectura y redacción : (Record no. 22729)

MARC details
000 -CABECERA
campo de control de longitud fija 00660nam a2200193 a 4500
001 - NÚMERO DE CONTROL
campo de control 000023232
005 - FECHA Y HORA DE LA ÚLTIMA TRANSACCIÓN
campo de control 20200930022057.0
008 - DATOS DE LONGITUD FIJA--INFORMACIÓN GENERAL
campo de control de longitud fija 101130s1981 mx ac r 000 0 spa d
040 ## - FUENTE DE LA CATALOGACIÓN
Centro catalogador/agencia de origen DO-SdBNP
Lengua de catalogación spa
Centro/agencia transcriptor BNPHU
082 ## - NÚMERO DE LA CLASIFICACIÓN DECIMAL DEWEY
Número de clasificación xxxx
Número de documento/Ítem R696t
049 ## - FONDOS LOCALES (OCLC)
Fondos de biblioteca BNGR
100 1# - ENTRADA PRINCIPAL--NOMBRE DE PERSONA
Nombre de persona Rodríguez Pazos, Tomás
9 (RLIN) 47839
245 10 - MENCIÓN DE TÍTULO
Título Taller de lectura y redacción :
Resto del título técnicas para la expresión oral y escrita /
Mención de responsabilidad, etc. Tomás Rodríguez Pazos.
260 ## - PUBLICACIÓN, DISTRIBUCIÓN, ETC.
Lugar de publicación, distribución, etc. México, D. F. :
Nombre del editor, distribuidor, etc. Trillas,
Fecha de publicación, distribución, etc. 1981.
300 ## - DESCRIPCIÓN FÍSICA
Extensión 175 p. :
Otras características físicas il, retrs. ;
Dimensiones 25 cm.
500 ## - NOTA GENERAL
Nota general Incluye bibliografía p. [175].
500 ## - NOTA GENERAL
Nota general Incluye notas al pie de las páginas.
710 2# - PUNTO DE ACCESO ADICIONAL--NOMBRE DE ENTIDAD CORPORATIVA
Nombre de entidad corporativa o nombre de jurisdicción como elemento de entrada Colegio de Bachilleres
9 (RLIN) 47840
Holdings
Estado de retiro Estado de pérdida Restricciones de uso No para préstamo Código de colección Localización permanente Ubicación/localización actual Ubicación en estantería Fecha de adquisición Número de inventario Total de préstamos Signatura topográfica completa Código de barras Fecha visto por última vez Precio válido a partir de Tipo de ítem Koha
        Monografías: Libros y Folletos General General En catalogación 30.11.2010 LF1   xxxx R696t 23232-10 25.06.2020 25.06.2020 Préstamo en sala

Powered by Koha